000 00532nam a2200145Ia 4500
008 140724s9999 xx 000 0 und d
050 _aRT 81.5
_b.D278 2007
100 _ade Guzman, January.
245 4 _aThe perception of patients and student nurses on caring towards the development of caring enhancement manual /
_cJanuary de Guzman.
260 _aLas PiƱas, Philippines :
_bSouthville International School and Colleges,
_cc2007.
300 _a128 p. :
_bill. ;
_c28 cm.
521 _aNursing
942 _cTH
999 _c229049
_d229049